[Event "Stare Mesto OPEN"]
[Site "?"]
[Date "2004.08.14"]
[Round "2.9"]
[White "Shanel, Jaroslav"]
[Black "Kireev, Alexei"]
[Result "0-1"]
[WhiteElo "2128"]
[BlackElo "2358"]
[PlyCount "106"]
[EventDate "2004.??.??"]
[SourceDate "2004.08.14"]

1. e4 g6 2. d4 d6 3. Nf3 Bg7 4. h3 e5 5. Nc3 c6 6. a4 a5 7. dxe5 dxe5 8. Qxd8+
Kxd8 9. Be3 f6 10. O-O-O+ Nd7 11. Nd2 Bh6 12. Bxh6 Nxh6 13. Nc4 Ke7 14. g3 Nf7
15. f4 Nc5 16. Be2 Be6 17. Ne3 Nd6 18. Bf3 Rad8 19. Rh2 Nc4 20. Nxc4 Bxc4 21.
b3 Be6 22. h4 Bf7 23. Rhd2 Rxd2 24. Kxd2 Rg8 25. Ke3 h6 26. Ne2 Be6 27. Nc1 b5
28. Nd3 Nxd3 29. Kxd3 bxa4 30. Ra1 axb3 31. cxb3 Rb8 32. Rxa5 Rxb3+ 33. Ke2 Kd6
34. Ra7 g5 35. f5 Bd7 36. Ra8 c5 37. Rf8 Ke7 38. Rh8 Bb5+ 39. Kf2 gxh4 40. gxh4
c4 41. Be2 Rb1 42. Rc8 Kd7 43. Rc5 Kd6 44. Rc8 Ba6 45. Ra8 Rb6 46. Ke3 Kc5 47.
Rh8 Rd6 48. Re8 Rb6 49. Bd1 c3 50. Re7 Bc4 51. Rc7+ Kb4 52. Be2 Bxe2 53. Kxe2
Kb3 0-1

[Event "Stare Mesto OPEN"]
[Site "?"]
[Date "2004.08.14"]
[Round "2.10"]
[White "Zpevak, Pavel"]
[Black "Sojka, Alex"]
[Result "0-1"]
[WhiteElo "2355"]
[BlackElo "2135"]
[PlyCount "79"]
[EventDate "2004.??.??"]
[SourceDate "2004.08.14"]

1. Nf3 d5 2. d4 e6 3. c4 c5 4. cxd5 exd5 5. Nc3 Nc6 6. g3 c4 7. Bg2 Bb4 8. O-O
Nge7 9. Ne5 Be6 10. Nxc6 bxc6 11. Bd2 Rb8 12. b3 Qb6 13. bxc4 Qxd4 14. cxd5
cxd5 15. Bf4 Bxc3 16. Bxb8 Bxa1 17. Qxa1 Qxa1 18. Rxa1 Nc6 19. Bf4 Ke7 20. Rc1
Rc8 21. Kf1 Nb4 22. Rxc8 Bxc8 23. Bd2 Nxa2 24. Bxd5 Be6 25. Be4 f5 26. Bd3 Kd6
27. e4 g6 28. f4 Kc6 29. exf5 Bxf5 30. Bc4 Bb1 31. g4 Kc5 32. Bg8 Kd4 33. f5
Ke5 34. Bxh7 gxf5 35. h4 Kf6 36. h5 Bd3+ 37. Kf2 a5 38. g5+ Kg7 39. g6 Kf6 40.
Bh6 0-1

[Event "Stare Mesto OPEN"]
[Site "?"]
[Date "2004.08.14"]
[Round "2.11"]
[White "Mueller, Manfred"]
[Black "Mudrak, Josef"]
[Result "1/2-1/2"]
[WhiteElo "2124"]
[BlackElo "2353"]
[PlyCount "90"]
[EventDate "2004.??.??"]
[SourceDate "2004.08.14"]

1. e4 d6 2. d4 Nf6 3. Bd3 e5 4. dxe5 dxe5 5. Nf3 Nbd7 6. b3 Bb4+ 7. c3 Bd6 8.
O-O O-O 9. Ba3 Bxa3 10. Nxa3 Qe7 11. Nc4 b6 12. Ne3 Nc5 13. b4 Nxd3 14. Qxd3
Bb7 15. Nf5 Qe6 16. Ng5 Bxe4 17. Nxe6 Bxd3 18. Ne7+ Kh8 19. Nxf8 Bxf1 20. Rxf1
Rxf8 21. Nc6 Ne4 22. Nxe5 f6 23. Nc6 a6 24. Re1 Re8 25. f3 Nd6 26. Kf1 Rxe1+
27. Kxe1 Kg8 28. Nb8 a5 29. bxa5 bxa5 30. Na6 c6 31. Nb8 c5 32. Na6 c4 33. Ke2
Kf7 34. Nc5 Nb5 35. Kd2 Ke7 36. a4 Na7 37. Ke3 Nc6 38. f4 f5 39. h3 Kd6 40.
Nb7+ Kd5 41. Kf3 g6 42. Ke3 Ke6 43. Nc5+ Kd6 44. Nb7+ Kc7 45. Nc5 Kd6 1/2-1/2

[Event "Stare Mesto OPEN"]
[Site "?"]
[Date "2004.08.14"]
[Round "2.12"]
[White "Dochev, Dimitar"]
[Black "Staufcik, Robert"]
[Result "1-0"]
[WhiteElo "2353"]
[BlackElo "2129"]
[PlyCount "85"]
[EventDate "2004.??.??"]
[SourceDate "2004.08.14"]

1. e4 e5 2. Nf3 Nc6 3. Bb5 Nf6 4. O-O Nxe4 5. d4 Nd6 6. Bxc6 dxc6 7. dxe5 Nf5
8. Qxd8+ Kxd8 9. Nc3 h6 10. h3 Ke8 11. Bf4 Be6 12. Ne4 Bd5 13. Rfe1 a5 14. g4
Ne7 15. Nd4 Nc8 16. e6 Bd6 17. Nxd6+ Nxd6 18. Bxd6 cxd6 19. exf7+ Kxf7 20. Nf5
h5 21. Nxd6+ Kg6 22. c4 Bg8 23. b3 hxg4 24. hxg4 b5 25. Kg2 bxc4 26. bxc4 Rb8
27. Re5 Rb4 28. Rc1 a4 29. Rc5 Be6 30. Rxc6 Bxg4 31. Ne4+ Kf7 32. f3 Rb2+ 33.
Kg3 Bd7 34. Rc7 Rh3+ 35. Kf4 Ke8 36. c5 Rxa2 37. c6 Be6 38. Rxg7 Ra3 39. Ng5
Rh4+ 40. Ke5 Re3+ 41. Ne4 Bh3 42. c7 Kf8 43. Rg4 1-0

[Event "Stare Mesto OPEN"]
[Site "?"]
[Date "2004.08.14"]
[Round "2.13"]
[White "Kocur, Walter"]
[Black "Karlik, Vladimir"]
[Result "1/2-1/2"]
[WhiteElo "2118"]
[BlackElo "2348"]
[PlyCount "56"]
[EventDate "2004.??.??"]
[SourceDate "2004.08.14"]

1. c4 g6 2. Nc3 Bg7 3. Nf3 d6 4. d4 Nf6 5. g3 O-O 6. Bg2 Bg4 7. O-O Qc8 8. Re1
Re8 9. Qc2 e5 10. d5 c6 11. e4 Bh3 12. Bd2 Bxg2 13. Kxg2 cxd5 14. cxd5 Na6 15.
a3 Nh5 16. h3 Qd7 17. Rac1 h6 18. b4 Rf8 19. Qd3 f5 20. Nh4 Qf7 21. exf5 gxf5
22. f4 e4 23. Qe3 Nc7 24. Red1 Kh7 25. g4 fxg4 26. Qxe4+ Kg8 27. hxg4 Nf6 28.
Qf3 Nfxd5 1/2-1/2

[Event "Stare Mesto OPEN"]
[Site "?"]
[Date "2004.08.14"]
[Round "2.14"]
[White "Kantorik, Marian"]
[Black "Dusbaba, Karel"]
[Result "1-0"]
[WhiteElo "2331"]
[BlackElo "2127"]
[PlyCount "81"]
[EventDate "2004.??.??"]
[SourceDate "2004.08.14"]

1. d4 e6 2. c4 d5 3. Nc3 c6 4. Nf3 f5 5. Bf4 Nf6 6. e3 Be7 7. Bd3 O-O 8. Qc2
Ne4 9. g4 Nd6 10. cxd5 cxd5 11. Rg1 Nc6 12. a3 Kh8 13. Ne5 g5 14. Nxc6 bxc6 15.
Be5+ Bf6 16. Bxf6+ Qxf6 17. gxf5 exf5 18. O-O-O Ne4 19. Na4 g4 20. Rdf1 Ng5 21.
Kb1 Bd7 22. Nc5 Be8 23. Be2 Qe7 24. Ka2 Bg6 25. Bd3 Rac8 26. Rc1 Kg7 27. Ka1 h5
28. Qa4 h4 29. Ba6 Rc7 30. Nd3 Nf3 31. Rh1 Be8 32. Qc2 h3 33. Nf4 Qd6 34. Be2
Ng5 35. Rhg1 Kh6 36. Bxg4 fxg4 37. Rxg4 Rcf7 38. Rcg1 Rxf4 39. exf4 Ne4 40. f3
Rxf4 41. Qc1 1-0

[Event "Stare Mesto OPEN"]
[Site "?"]
[Date "2004.08.14"]
[Round "2.15"]
[White "Fuchs, Ludek"]
[Black "Kotan, Ladislav"]
[Result "0-1"]
[WhiteElo "2101"]
[BlackElo "2325"]
[PlyCount "72"]
[EventDate "2004.??.??"]
[SourceDate "2004.08.14"]

1. d4 d5 2. c4 e6 3. Nc3 Be7 4. Nf3 Nf6 5. Bg5 h6 6. Bh4 O-O 7. e3 b6 8. a3 Bb7
9. b4 dxc4 10. Bxc4 c5 11. dxc5 bxc5 12. Qb3 cxb4 13. axb4 Nc6 14. b5 Na5 15.
Rxa5 Qxa5 16. O-O Bxf3 17. gxf3 Rac8 18. Ne2 Qb4 19. Qxb4 Bxb4 20. Bb3 Rc5 21.
Ba4 Nd5 22. Rb1 Rfc8 23. Nd4 Rc1+ 24. Rxc1 Rxc1+ 25. Kg2 Bd6 26. Bd8 Bc7 27.
Bh4 e5 28. Nc2 Nc3 29. Bb3 Nxb5 30. Be7 Bd6 31. Bd8 Rb1 32. Ba4 Nc3 33. Bd7 g6
34. e4 Ne2 35. Ne3 Nf4+ 36. Kg3 Rg1+ 0-1

[Event "Stare Mesto OPEN"]
[Site "?"]
[Date "2004.08.14"]
[Round "2.16"]
[White "Rachela, Milan"]
[Black "Paral, Stanislav"]
[Result "1-0"]
[WhiteElo "2308"]
[BlackElo "2120"]
[PlyCount "87"]
[EventDate "2004.??.??"]
[SourceDate "2004.08.14"]

1. d4 g6 2. Nf3 Bg7 3. c4 d5 4. cxd5 Qxd5 5. Nc3 Qa5 6. Bd2 c6 7. g3 Bg4 8. e3
Nf6 9. h3 Bxf3 10. Qxf3 O-O 11. Bg2 Qb6 12. Rb1 Qa6 13. Qe2 Rd8 14. b4 Qxe2+
15. Kxe2 a6 16. Na4 Nbd7 17. Nc5 Rab8 18. Rhc1 Ne8 19. a4 Nd6 20. d5 cxd5 21.
Bxd5 Nb6 22. Bg2 e6 23. Be1 Nd7 24. Rd1 Bf8 25. Rxd6 Bxd6 26. Nxb7 Rdc8 27.
Nxd6 Rc2+ 28. Kf1 Ra2 29. Rd1 Ne5 30. Bc3 f6 31. Ne4 Kf7 32. Nxf6 Kxf6 33. f4
Rc8 34. Bxe5+ Ke7 35. Bd6+ Ke8 36. Be4 Rc3 37. Bc5 Rb3 38. Bb1 Rh2 39. Be4 Ra3
40. b5 Rxa4 41. Bc6+ Kf7 42. b6 Raa2 43. b7 Rhf2+ 44. Kg1 1-0

[Event "Stare Mesto OPEN"]
[Site "?"]
[Date "2004.08.14"]
[Round "2.17"]
[White "Chrast, Adrian"]
[Black "Rat, Dan Ovidiu"]
[Result "0-1"]
[WhiteElo "2089"]
[BlackElo "2306"]
[PlyCount "101"]
[EventDate "2004.??.??"]
[SourceDate "2004.08.14"]

1. d4 d6 2. Nf3 Nf6 3. c4 Nbd7 4. Nc3 e5 5. dxe5 dxe5 6. e4 c6 7. Be2 Be7 8.
O-O O-O 9. Qc2 Qc7 10. h3 Re8 11. Be3 Nf8 12. Rfd1 Ng6 13. Bf1 Bb4 14. Ne2 Bf8
15. Ng3 Nf4 16. Nd2 Ne6 17. Ne2 a5 18. Rac1 Bc5 19. Bxc5 Nxc5 20. Nc3 Be6 21.
Nf3 Bd7 22. b3 Qb6 23. Rb1 Qb4 24. Nd2 Rad8 25. Na4 Bc8 26. Nxc5 Qxc5 27. Nf3
b5 28. Rbc1 b4 29. Rd3 Rd7 30. Rxd7 Bxd7 31. Rd1 h6 32. Qd3 Kf8 33. g3 Re6 34.
Nh4 g6 35. Bg2 Ke7 36. Qe2 Rd6 37. Rxd6 Qxd6 38. Nf3 c5 39. Nd2 Qd4 40. Qe3
Qxe3 41. fxe3 a4 42. bxa4 Bxa4 43. Kf2 Bc2 44. Ke2 Kd6 45. Bf3 Kc7 46. g4 Ne8
47. Nb3 Kb6 48. Kd2 Bb1 49. Nc1 Nd6 50. Nd3 Nxc4+ 51. Ke2 0-1

[Event "Stare Mesto OPEN"]
[Site "?"]
[Date "2004.08.14"]
[Round "2.18"]
[White "Vyskocil, Neklan"]
[Black "Nutiu, Adrian Mihail"]
[Result "1-0"]
[WhiteElo "2305"]
[BlackElo "2104"]
[PlyCount "71"]
[EventDate "2004.??.??"]
[SourceDate "2004.08.14"]

1. e4 c6 2. d4 g6 3. Nc3 d5 4. Nf3 Bg7 5. h3 f6 6. exd5 cxd5 7. Bb5+ Nc6 8. O-O
a6 9. Bxc6+ bxc6 10. Re1 Nh6 11. Na4 O-O 12. Nc5 Qd6 13. Nd3 g5 14. a4 Nf7 15.
b3 Qc7 16. Ba3 Re8 17. Qd2 h6 18. c4 dxc4 19. bxc4 e5 20. Nc5 Bf5 21. dxe5 fxe5
22. Ne4 Red8 23. Qe3 Qd7 24. Nc5 Qa7 25. Rad1 a5 26. Rc1 Rab8 27. g4 Bc8 28.
Qe4 Qc7 29. Re3 Re8 30. Rce1 Rb6 31. Rd1 Rd8 32. Red3 Rxd3 33. Qxd3 Rb8 34. Qg6
Bb7 35. Rd7 Qc8 36. Qxf7+ 1-0

[Event "Stare Mesto OPEN"]
[Site "?"]
[Date "2004.08.14"]
[Round "2.19"]
[White "Balazec, Ludovit"]
[Black "Weglarz, Leszek"]
[Result "0-1"]
[WhiteElo "2088"]
[BlackElo "2305"]
[PlyCount "84"]
[EventDate "2004.??.??"]
[SourceDate "2004.08.14"]

1. e4 c5 2. Nf3 d6 3. d4 cxd4 4. Nxd4 Nf6 5. Nc3 Nc6 6. Be2 e5 7. Nb3 Be7 8.
O-O O-O 9. f4 a5 10. a4 Nb4 11. Kh1 Be6 12. f5 Bd7 13. Bf3 Qc7 14. Bg5 h6 15.
Bh4 Rfd8 16. Qe2 Rac8 17. Rad1 Bc6 18. Bf2 d5 19. exd5 Nbxd5 20. Nb5 Bxb5 21.
Qxb5 e4 22. Be2 Qxc2 23. Nd4 Qc7 24. Bg3 Bd6 25. Bxd6 Rxd6 26. Qb3 Rb6 27. Bb5
Ng4 28. Qh3 Nge3 29. Nb3 Nxd1 30. Rxd1 Nf6 31. Qc3 Qxc3 32. bxc3 Rxc3 33. Nxa5
Kf8 34. h3 Ke7 35. Kg1 Rd6 36. Rxd6 Kxd6 37. Nxb7+ Kc7 38. Na5 e3 39. Kf1 Ne4
40. g4 Ng3+ 41. Kg2 e2 42. Kf2 Rf3+ 0-1

[Event "Stare Mesto OPEN"]
[Site "?"]
[Date "2004.08.14"]
[Round "2.20"]
[White "Jurkiewicz, Krzystof"]
[Black "Camus, Berenger"]
[Result "1-0"]
[WhiteElo "2290"]
[BlackElo "2092"]
[PlyCount "53"]
[EventDate "2004.??.??"]
[SourceDate "2004.08.14"]

1. c4 c5 2. Nc3 Nc6 3. g3 e5 4. Bg2 f5 5. e3 Nf6 6. Nge2 d6 7. O-O Be7 8. d4
Bd7 9. b3 O-O 10. Bb2 a6 11. Rc1 Rb8 12. dxc5 dxc5 13. Na4 Qc7 14. Nec3 Rfd8
15. Nd5 Nxd5 16. cxd5 Na7 17. Nxc5 Bxc5 18. b4 Qb6 19. Rxc5 Qxb4 20. Qc1 Rbc8
21. Rxc8 Rxc8 22. Qa1 Bb5 23. Rc1 Rxc1+ 24. Qxc1 Qe7 25. Qc3 e4 26. Bh3 Bd7 27.
Qc7 1-0

[Event "Stare Mesto OPEN"]
[Site "?"]
[Date "2004.08.14"]
[Round "2.21"]
[White "Rachunek, Martin"]
[Black "Jurcik, Marian"]
[Result "0-1"]
[WhiteElo "2083"]
[BlackElo "2278"]
[PlyCount "120"]
[EventDate "2004.??.??"]
[SourceDate "2004.08.14"]

1. d4 d6 2. c4 e5 3. Nf3 f6 4. Nc3 g6 5. e4 Nh6 6. h3 Nf7 7. Be3 Bg7 8. dxe5
dxe5 9. Qa4+ c6 10. Qa3 Bf8 11. Qa4 Be6 12. Qc2 Na6 13. a3 Bc5 14. Bxc5 Nxc5
15. b4 Nd7 16. Be2 O-O 17. O-O Qe7 18. Nd2 Ng5 19. c5 b6 20. cxb6 axb6 21. h4
Nf7 22. Bc4 Nd8 23. Qb3 b5 24. Bxe6+ Nxe6 25. a4 bxa4 26. Rxa4 Rab8 27. Ra7 Rf7
28. Qc4 Nd4 29. Rb1 Nb6 30. Rxe7 Nxc4 31. Rxf7 Nxd2 32. Rxf6 Nxb1 33. Nxb1 Rxb4
34. Nd2 c5 35. Nf3 Ne2+ 36. Kf1 Nf4 37. Nd2 Rd4 38. Ke1 Nxg2+ 39. Ke2 Nf4+ 40.
Ke1 c4 41. Rc6 Nd3+ 42. Ke2 Nc1+ 43. Ke1 Nb3 44. Nxc4 Rxe4+ 45. Kd1 Rxh4 46.
Rc8+ Kg7 47. Nxe5 Kf6 48. Nf3 Re4 49. Rc3 Na5 50. Rc5 Ra4 51. Ke2 Nc4 52. Kd3
Ra3+ 53. Ke2 Ra2+ 54. Ke1 Nb2 55. Rd5 Ra7 56. Rd6+ Kf5 57. Rb6 Nd3+ 58. Ke2
Nf4+ 59. Kd1 Ra1+ 60. Kd2 Ra2+ 0-1

[Event "Stare Mesto OPEN"]
[Site "?"]
[Date "2004.08.14"]
[Round "2.22"]
[White "Vrana, Frantisek"]
[Black "Foglia, Maurizio"]
[Result "1-0"]
[WhiteElo "2275"]
[BlackElo "2083"]
[PlyCount "101"]
[EventDate "2004.??.??"]
[SourceDate "2004.08.14"]

1. Nf3 Nf6 2. g3 b6 3. Bg2 Bb7 4. O-O e6 5. d3 d5 6. Nbd2 Bd6 7. e4 dxe4 8.
dxe4 e5 9. Nh4 O-O 10. Nf5 Bc5 11. c3 Re8 12. Qe2 Ba6 13. Nc4 Qc8 14. Bh3 Qb7
15. Re1 Qc6 16. Bf1 Bb7 17. Bg2 a5 18. Bg5 Nbd7 19. Rad1 Ba6 20. Bf1 Qe6 21. b3
Bb7 22. Qf3 a4 23. Nd2 Ba6 24. Bxa6 Rxa6 25. Qd3 Raa8 26. b4 Bf8 27. Nc4 h6 28.
Be3 Red8 29. f3 Kh7 30. Qe2 g6 31. Nh4 c5 32. b5 a3 33. Bf2 Ra4 34. Ne3 Rc8 35.
Qc2 Rca8 36. Re2 c4 37. Red2 Be7 38. Nhf5 Bc5 39. Nd6 h5 40. Kg2 h4 41. g4 Bxe3
42. Bxe3 Nxg4 43. fxg4 Qxg4+ 44. Kf2 Qh3 45. Rg1 Nf6 46. Qd1 Rd8 47. Qf3 Qe6
48. Bg5 Rxd6 49. Rxd6 Qxd6 50. Qxf6 Qd7 51. Rg4 1-0

[Event "Stare Mesto OPEN"]
[Site "?"]
[Date "2004.08.14"]
[Round "2.23"]
[White "Krizek, Frantisek"]
[Black "Dlugosz, Jedrzej"]
[Result "1/2-1/2"]
[WhiteElo "2076"]
[BlackElo "2270"]
[PlyCount "77"]
[EventDate "2004.??.??"]
[SourceDate "2004.08.14"]

1. c4 Nf6 2. Nc3 g6 3. d4 Bg7 4. e4 d6 5. f3 O-O 6. Be3 Nc6 7. Nge2 a6 8. Qd2
Rb8 9. Nc1 e5 10. d5 Nd4 11. Nb3 Nxb3 12. axb3 c5 13. dxc6 bxc6 14. O-O-O d5
15. cxd5 cxd5 16. Nxd5 Nxd5 17. Qxd5 Qh4 18. Qd2 Qe7 19. Bc4 Be6 20. Qd6 Qxd6
21. Rxd6 Rfc8 22. Kb1 Bxc4 23. bxc4 Rxc4 24. Rhd1 Bf8 25. Rxa6 Rcb4 26. Bc1 Bc5
27. Rd3 Bd4 28. Ra2 f5 29. exf5 gxf5 30. Rda3 Kf7 31. Ra4 Rxa4 32. Rxa4 Rg8 33.
g3 h5 34. f4 Bg1 35. fxe5 Bxh2 36. Rh4 Bxg3 37. Rxh5 Ke6 38. Rg5 Rxg5 39. Bxg5
1/2-1/2

[Event "Stare Mesto OPEN"]
[Site "?"]
[Date "2004.08.14"]
[Round "2.24"]
[White "Schulz, Joern"]
[Black "Stamoudis, Hr"]
[Result "1-0"]
[WhiteElo "2266"]
[BlackElo "2075"]
[PlyCount "41"]
[EventDate "2004.??.??"]
[SourceDate "2004.08.14"]

1. d4 f5 2. Bg5 c6 3. Nc3 d5 4. e4 fxe4 5. f3 exf3 6. Nxf3 Bf5 7. Bd3 Bxd3 8.
Qxd3 Nf6 9. O-O Nbd7 10. Bf4 Qb6 11. a4 a5 12. Kh1 g6 13. Ng5 Nh5 14. Ne6 Nxf4
15. Rxf4 Nf6 16. Raf1 Rb8 17. Qf3 Qb4 18. Rxf6 exf6 19. Qxf6 Kd7 20. Qxh8 Kxe6
21. Qe5+ 1-0

[Event "Stare Mesto OPEN"]
[Site "?"]
[Date "2004.08.14"]
[Round "2.25"]
[White "Borovicka, Bohumil"]
[Black "Grecescu, Gabriel-Andrei"]
[Result "0-1"]
[WhiteElo "2073"]
[BlackElo "2264"]
[PlyCount "70"]
[EventDate "2004.??.??"]
[SourceDate "2004.08.14"]

1. d4 Nf6 2. Nf3 e6 3. e3 b6 4. Bd3 c5 5. Nbd2 Be7 6. O-O O-O 7. b3 Nc6 8. Bb2
Bb7 9. a3 Rc8 10. Qe2 cxd4 11. exd4 Nd5 12. g3 f5 13. Rad1 Bf6 14. Rfe1 Nc7 15.
c4 Ne7 16. Nf1 d6 17. Ne3 Qd7 18. Nd2 Rce8 19. f4 g6 20. Qf2 Nc6 21. Nf3 Qg7
22. Nc2 h6 23. h4 Nd8 24. Ba1 Nf7 25. Kh2 g5 26. b4 b5 27. c5 a6 28. Rg1 Nd5
29. Ne3 Nxe3 30. Qxe3 g4 31. Nd2 e5 32. dxe5 dxe5 33. Qf2 e4 34. Bxf6 Qxf6 35.
Qg2 Bc6 0-1

[Event "Stare Mesto OPEN"]
[Site "?"]
[Date "2004.08.14"]
[Round "2.26"]
[White "Neumeier, Lars"]
[Black "Mozna-Hojdarova, Eva"]
[Result "1-0"]
[WhiteElo "2254"]
[BlackElo "2069"]
[PlyCount "59"]
[EventDate "2004.??.??"]
[SourceDate "2004.08.14"]

1. Nf3 d5 2. c4 c6 3. b3 Nf6 4. Bb2 g6 5. e3 Bg7 6. d4 O-O 7. Bd3 Bg4 8. Nbd2
Nbd7 9. Qc2 Re8 10. O-O Nf8 11. Ne5 Bc8 12. f4 e6 13. Rae1 N6d7 14. e4 f6 15.
Nef3 dxc4 16. Nxc4 Nb6 17. e5 Nxc4 18. bxc4 f5 19. g4 b6 20. gxf5 gxf5 21. Re2
Ng6 22. Ne1 Bh6 23. Ng2 Bb7 24. Bxf5 exf5 25. Qxf5 b5 26. Qh5 Bf8 27. f5 Nxe5
28. dxe5 Bc5+ 29. Kh1 Qe7 30. e6 1-0

[Event "Stare Mesto OPEN"]
[Site "?"]
[Date "2004.08.14"]
[Round "2.27"]
[White "Snyta, Zdenek"]
[Black "Volodin, Viktor"]
[Result "0-1"]
[WhiteElo "2063"]
[BlackElo "2247"]
[PlyCount "55"]
[EventDate "2004.??.??"]
[SourceDate "2004.08.14"]

1. e4 d6 2. Nc3 g6 3. g3 Bg7 4. Bg2 e5 5. d3 Nf6 6. Nge2 Nc6 7. h3 O-O 8. Be3
Kh8 9. Qd2 Ng8 10. g4 Nd4 11. Ng3 Be6 12. Nce2 c5 13. c3 Nxe2 14. Nxe2 b5 15.
g5 f5 16. exf5 gxf5 17. g6 f4 18. gxh7 Ne7 19. Bxa8 Qxa8 20. Rg1 Qf3 21. Bxc5
dxc5 22. a4 a6 23. axb5 axb5 24. Ra7 Bf6 25. Ra6 Bf5 26. d4 Bh4 27. Nc1 cxd4
28. cxd4 0-1

[Event "Stare Mesto OPEN"]
[Site "?"]
[Date "2004.08.14"]
[Round "2.28"]
[White "Blumel, Otto"]
[Black "Lovas, Miroslav"]
[Result "1-0"]
[WhiteElo "2244"]
[BlackElo "2064"]
[PlyCount "160"]
[EventDate "2004.??.??"]
[SourceDate "2004.08.14"]

1. e4 e5 2. Nf3 Nf6 3. Bc4 Nxe4 4. Nc3 Nxc3 5. dxc3 Be7 6. Nxe5 O-O 7. Qf3 Qe8
8. O-O d6 9. Ng4 Bxg4 10. Qxg4 Qd7 11. Qe4 Nc6 12. Bd3 g6 13. f4 d5 14. Qf3
Bc5+ 15. Kh1 f5 16. Rd1 Rfe8 17. b4 Bb6 18. Bf1 Re4 19. c4 Nxb4 20. Qc3 Qg7 21.
Qxb4 Qxa1 22. Bd3 Ree8 23. c5 a5 24. Qb3 c6 25. cxb6 Re7 26. Rf1 Qd4 27. Bb2
Qb4 28. Be5 Qxb3 29. axb3 a4 30. bxa4 Rxa4 31. h3 Re6 32. Rb1 Kf7 33. Bc7 Ke8
34. Rd1 Kf7 35. Kh2 Re3 36. Be5 Ke6 37. Rb1 h5 38. Rb3 Re1 39. Bc3 Rc1 40. Bd2
Rd1 41. Be3 Rda1 42. Kg3 R1a3 43. Rb1 Ra1 44. Rb3 R1a3 45. Bc5 Rxb3 46. cxb3
Ra2 47. Kf3 Kd7 48. Be2 Rb2 49. b4 Rb3+ 50. Kf2 Rb2 51. Ke3 Kc8 52. Bf3 Kd7 53.
Kd4 Ke6 54. Kc3 Ra2 55. Kb3 Rd2 56. Kc3 Ra2 57. b5 cxb5 58. Kb4 Rb2+ 59. Ka5
Ra2+ 60. Kxb5 Rb2+ 61. Ka4 Ra2+ 62. Kb3 Ra1 63. Be2 Kd7 64. Bb5+ Kd8 65. Bd4
Rd1 66. Bf6+ Kc8 67. Be8 Rb1+ 68. Bb2 Rg1 69. Bxg6 Rxg2 70. Bxf5+ Kb8 71. Be6
Rg3+ 72. Kb4 Rg2 73. Be5+ Ka8 74. Bxd5 Rf2 75. Kc5 Rf1 76. Kd6 Rb1 77. Bd4 Rf1
78. Ke5 Re1+ 79. Be4 Kb8 80. f5 Kc8 1-0

[Event "Stare Mesto OPEN"]
[Site "?"]
[Date "2004.08.14"]
[Round "2.29"]
[White "Hujo, Jozef"]
[Black "Symbor, Przemyslaw"]
[Result "1-0"]
[WhiteElo "2061"]
[BlackElo "2243"]
[PlyCount "65"]
[EventDate "2004.??.??"]
[SourceDate "2004.08.14"]

1. c4 e5 2. Nc3 Bb4 3. g3 Bxc3 4. dxc3 Nc6 5. Bg2 Nge7 6. Nf3 d6 7. O-O Be6 8.
b3 h6 9. Ne1 O-O 10. Nc2 f5 11. Ne3 g5 12. Nd5 Ng6 13. e4 f4 14. Qh5 Kg7 15.
Bh3 Bxh3 16. Qxh3 Nb8 17. Rd1 a5 18. c5 dxc5 19. Ne3 Qe8 20. Nf5+ Kf6 21. Qxh6
Rg8 22. Qh7 Na6 23. Rd7 Rd8 24. Rg7 Rxg7 25. Qxg7+ Ke6 26. Qh6 Kf6 27. h4 gxh4
28. gxh4 Kf7 29. Qg5 Rd1+ 30. Kh2 Qd8 31. Qg4 Nf8 32. Nh6+ Ke7 33. Bxf4 1-0

[Event "Stare Mesto OPEN"]
[Site "?"]
[Date "2004.08.15"]
[Round "3.1"]
[White "Lechtynsky, Jiri"]
[Black "Vrana, Frantisek"]
[Result "1-0"]
[WhiteElo "2480"]
[BlackElo "2275"]
[PlyCount "91"]
[EventDate "2004.08.15"]
[SourceDate "2004.08.15"]

1. c4 f5 2. Nc3 Nf6 3. g3 g6 4. Bg2 Bg7 5. d3 e5 6. e3 d6 7. Nge2 h5 8. h4 Nbd7
9. Rb1 a5 10. a3 Nc5 11. b4 axb4 12. axb4 Ne6 13. b5 Ng4 14. Nd5 O-O 15. f3 Nh6
16. f4 Ng4 17. Qd2 Re8 18. O-O exf4 19. exf4 Nd4 20. Nxd4 Bxd4+ 21. Kh1 Bd7 22.
Bb2 Ra2 23. Nc3 Re3 24. Bf3 Ra8 25. Nd5 Bxb2 26. Nxe3 Bf6 27. Nxg4 hxg4 28.
Bxb7 Ra3 29. Kg2 Qb8 30. Bd5+ Kg7 31. Qe3 Kh6 32. Kh1 Qh8 33. Rfe1 Ra2 34. Re2
Bd4 35. Qe7 Bf6 36. Qxf6 Qxf6 37. Rxa2 Qd4 38. Rd1 Bxb5 39. Bg2 Bxc4 40. Ra4 d5
41. Kh2 c6 42. Re1 Qxd3 43. Ra7 d4 44. Re8 g5 45. hxg5+ Kg6 46. Rf8 1-0

[Event "Stare Mesto OPEN"]
[Site "?"]
[Date "2004.08.15"]
[Round "3.2"]
[White "Schulz, Joern"]
[Black "Plachetka, Jan"]
[Result "1/2-1/2"]
[WhiteElo "2266"]
[BlackElo "2435"]
[PlyCount "78"]
[EventDate "2004.08.15"]
[SourceDate "2004.08.15"]

1. d4 Nf6 2. c4 g6 3. Nc3 d5 4. cxd5 Nxd5 5. e4 Nxc3 6. bxc3 Bg7 7. Be3 c5 8.
Qd2 Qa5 9. Rc1 O-O 10. Nf3 cxd4 11. cxd4 Qxd2+ 12. Nxd2 e6 13. Bb5 Bd7 14. Bxd7
Nxd7 15. Ke2 Rfc8 16. Nb3 Bf8 17. Rxc8 Rxc8 18. Rc1 Rxc1 19. Bxc1 b6 20. Kd3
Bd6 21. g3 h5 22. Kc4 a6 23. a4 Kf8 24. f4 b5+ 25. axb5 Nb6+ 26. Kd3 axb5 27.
Na5 Ke8 28. Nc6 Kd7 29. Ne5+ Bxe5 30. fxe5 Kc6 31. Kc3 Nd7 32. Bg5 Nb6 33. Bc1
Nc4 34. Bf4 Kb6 35. Kb3 Ka5 36. Bg5 Kb6 37. Kc3 Kc6 38. Bc1 Nb6 39. Bg5 Nd7
1/2-1/2

[Event "Stare Mesto OPEN"]
[Site "?"]
[Date "2004.08.15"]
[Round "3.3"]
[White "Klima, Lukas"]
[Black "Neumeier, Lars"]
[Result "1/2-1/2"]
[WhiteElo "2432"]
[BlackElo "2254"]
[PlyCount "46"]
[EventDate "2004.08.15"]
[SourceDate "2004.08.15"]

1. e4 c5 2. Nf3 e6 3. d3 d6 4. g3 b5 5. Bg2 Bb7 6. O-O Nd7 7. Re1 Ngf6 8. Nbd2
Be7 9. d4 cxd4 10. Nxd4 Qb6 11. c3 a6 12. a4 O-O 13. Qe2 Rfb8 14. b4 e5 15. Nf5
Bf8 16. Nf1 d5 17. exd5 Nxd5 18. Ra3 N7f6 19. N1e3 Re8 20. Ng4 Nxg4 21. Qxg4
Nf6 22. Nh6+ Kh8 23. Nxf7+ Kg8 1/2-1/2

[Event "Stare Mesto OPEN"]
[Site "?"]
[Date "2004.08.15"]
[Round "3.4"]
[White "Hausner, Ivan"]
[Black "Blumel, Otto"]
[Result "0-1"]
[WhiteElo "2419"]
[BlackElo "2244"]
[PlyCount "43"]
[EventDate "2004.08.15"]
[SourceDate "2004.08.15"]

1. Nf3 Nc6 2. c4 e5 3. Nc3 Nf6 4. d4 exd4 5. Nxd4 Bc5 6. Nxc6 bxc6 7. g3 Qe7 8.
Bg2 Qe6 9. O-O Qxc4 10. Bg5 Qe6 11. Rc1 Be7 12. Nb5 Qe5 13. a4 cxb5 14. Bf4 Qh5
15. Bxa8 c6 16. Bd6 Qh3 17. f3 Nd5 18. Qxd5 cxd5 19. Rxc8+ Bd8 20. Rd1 Qe6 21.
Rxd5 f6 22. Rd4 0-1

[Event "Stare Mesto OPEN"]
[Site "?"]
[Date "2004.08.15"]
[Round "3.5"]
[White "Grecescu, Gabriel"]
[Black "Maryasin, Boris"]
[Result "1/2-1/2"]
[WhiteElo "2264"]
[BlackElo "2394"]
[PlyCount "76"]
[EventDate "2004.08.15"]
[SourceDate "2004.08.15"]

1. c4 Nf6 2. g3 g6 3. Bg2 Bg7 4. Nc3 O-O 5. e4 c5 6. Nge2 Nc6 7. O-O d6 8. h3
Rb8 9. d3 a6 10. Be3 b5 11. f4 Bd7 12. Qd2 Ne8 13. Rac1 Nd4 14. cxb5 axb5 15.
b4 Nc7 16. bxc5 dxc5 17. e5 Bf5 18. Ne4 Nce6 19. N2c3 h5 20. Nf2 g5 21. g4 hxg4
22. hxg4 gxf4 23. Bxd4 Bg6 24. Bxc5 Nxc5 25. Nd5 Nd7 26. d4 e6 27. Nb4 f3 28.
Bxf3 Nxe5 29. Bg2 Nc4 30. Qf4 Qh4 31. Nc6 Ra8 32. Rc3 Rxa2 33. Rh3 Qf6 34. Qc7
Re8 35. Qd7 Kf8 36. Rf3 Qh4 37. Ne4 Rxg2+ 38. Kxg2 Qxg4+ 1/2-1/2